000 00634nam a2200229 a 4500
001 66760
003 BD-RjUL
005 20211209081556.0
008 170320s2005 ii a b 001 0 eng
020 _a8170411777
035 _a(BD-RjUL)66891
040 _aDLC
_cDLC
_dBD-RjUL
_beng
041 _aeng
082 0 0 _a630
_223
_bADV 2005
245 1 0 _aAdvances in Agronomy:
_cDonald L Sparks
_bVolume 85 /
260 _aLondon :
_bElsevier academic press,
_cc2005
300 _ax, 446 p. :
_bill. ;
_c23 cm.
500 _aIncludes index.
504 _aBibliography: p. 353-359.
650 _aAgronomy
_9112675
942 _2ddc
_cBK
999 _c66760
_d66760